Luis Marcó del Pont, especialista en criminología: el sistema actual reproduce y aumenta la violencia /

Uloženo v:
Podrobná bibliografie
Hlavní autor: Oliva, Alexis
Médium: Text
Témata:
Tagy: Přidat tag
Žádné tagy, Buďte první, kdo vytvoří štítek k tomuto záznamu!

MARC

LEADER 00000 a a2200000 04500
001 4872
003
040
100 |a Oliva, Alexis  
245 |a Luis Marcó del Pont, especialista en criminología:   |b el sistema actual reproduce y aumenta la violencia /  |c Alexis Oliva 
650 |a VIOLENCIA  
650 |a POLITICA SOCIAL  
650 |a POLITICA ECONOMICA  
650 |a DESEMPLEO  
650 |a RECESION ECONOMICA  
650 |a PRISIONES  
773 |g volumen 4, número 21; páginas 10-13  
999 |c 28256  |d 28256